The Honeywell Pentax way : The Pentax photographer's companion

Na minha lista:
Detalhes bibliográficos
Autor principal: Keppler, H.
Formato: Livro
Idioma:Undetermined
Publicado em: New York Amphoto 1966
Assuntos:
Tags: Adicionar Tag
Sem tags, seja o primeiro a adicionar uma tag!
Thư viện lưu trữ: Trung tâm Học liệu Trường Đại học Cần Thơ
LEADER 00502nam a2200193Ia 4500
001 CTU_98325
008 210402s9999 xx 000 0 und d
082 |a 771.3 
082 |b K38 
100 |a Keppler, H. 
245 4 |a The Honeywell Pentax way : 
245 4 |b The Pentax photographer's companion 
245 0 |c H. Keppler 
260 |a New York 
260 |b Amphoto 
260 |c 1966 
650 |a Pentax cameras 
904 |i Hiếu 
980 |a Trung tâm Học liệu Trường Đại học Cần Thơ